[Event "Montmagny op"]
[Site "Montmagny CAN"]
[Date "2010.11.07"]
[Round "5"]
[White "Forget, Luc"]
[Black "Labrecque, Rejean"]
[Result "1-0"]
[WhiteElo "2021"]
[BlackElo "1750"]
[PlyCount "52"]
[EventDate "2010.11.05"]
[EventType "swiss"]
[EventRounds "5"]
[EventCountry "CAN"]

1. d4 d5 2. Nf3 Nf6 3. c4 e6 4. Nc3 Be7 5. g3 dxc4 6. Bg2 O-O 7. O-O Nd5 8. e4
Nxc3 9. bxc3 c6 10. Nd2 b5 11. e5 Bb7 12. a4 Qc7 13. Qf3 a6 14. Ne4 Nd7 15. Qg4
Kh8 16. Bg5 Bxg5 17. Nxg5 Nb6 18. Be4 g6 19. Qh4 h5 20. g4 Kg7 21. Bxg6 Rh8 22.
gxh5 Rh6 23. Nxf7 Nd5 24. Qg5 Rxg6 25. Qxg6+ Kf8 26. Ng5 Qg7 1-0

[Event "Montmagny op"]
[Site "Montmagny CAN"]
[Date "2010.11.07"]
[Round "5"]
[White "Fournier, Michael"]
[Black "Auger, Bertrand"]
[Result "1-0"]
[WhiteElo "1967"]
[BlackElo "1996"]
[PlyCount "107"]
[EventDate "2010.11.05"]
[EventType "swiss"]
[EventRounds "5"]
[EventCountry "CAN"]

1. e4 e6 2. d4 d5 3. Nc3 Bb4 4. Nge2 dxe4 5. a3 Be7 6. Nxe4 Nf6 7. N2g3 O-O 8.
Bd3 Qxd4 9. O-O Nxe4 10. Nxe4 f5 11. Nc3 Nc6 12. Re1 Qf6 13. Nb5 Bd8 14. Bc4 a6
15. Nc3 Ne5 16. Bg5 Qxg5 17. Rxe5 Bf6 18. Ne4 Qf4 19. Nxf6+ gxf6 20. Bxe6+ Bxe6
21. Rxe6 Rad8 22. Qe1 Rd5 23. Rd1 Re5 24. Rxe5 fxe5 25. Qc3 e4 26. Qc4+ Kg7 27.
Rd7+ Kf6 28. Qd4+ Qe5 29. Qxe5+ Kxe5 30. Rxc7 Rd8 31. Kf1 Rd1+ 32. Ke2 Rg1 33.
g3 Rc1 34. h4 b5 35. h5 h6 36. Rc6 Kd5 37. Rxh6 Rxc2+ 38. Kf1 e3 39. fxe3 Ke4
40. Rf6 Rh2 41. h6 a5 42. Kg1 Rxb2 43. h7 Rb1+ 44. Kg2 Rb2+ 45. Kh3 Rb1 46. Rf7
Rh1+ 47. Kg2 Rh5 48. Re7+ Kd3 49. e4 fxe4 50. g4 Rh4 51. g5 Ke3 52. g6 b4 53.
axb4 axb4 54. Re8 1-0

[Event "Montreal op"]
[Site "Montreal CAN"]
[Date "2010.09.10"]
[Round "1"]
[White "Bolduc, Steve"]
[Black "Sarrazin-Gendron, Roman"]
[Result "1/2-1/2"]
[WhiteElo "2281"]
[BlackElo "2018"]
[PlyCount "65"]
[EventDate "2010.09.10"]
[EventType "swiss"]
[EventRounds "5"]
[EventCountry "CAN"]

1. d4 Nf6 2. Nf3 g6 3. Nc3 Bg7 4. e4 d6 5. h3 c5 6. d5 O-O 7. Bd3 e5 8. g4 a6
9. a4 b6 10. Be3 Qc7 11. Nd2 Ne8 12. Qe2 f5 13. gxf5 gxf5 14. exf5 Bxf5 15.
Bxf5 Rxf5 16. Nde4 Qe7 17. Qg4 Qf8 18. Rg1 Ra7 19. Rg2 Kh8 20. O-O-O Bh6 21.
Bxh6 Qxh6+ 22. Kb1 Qf8 23. Rdg1 Rg7 24. Qh4 Nd7 25. Qd8 Rxg2 26. Rxg2 Rf7 27.
Ng5 Rg7 28. Nce4 Qe7 29. Qxe7 Rxe7 30. Rg3 Ndf6 31. c4 h6 32. Nxf6 Nxf6 33. Nf3
1/2-1/2

[Event "Montreal op"]
[Site "Montreal CAN"]
[Date "2010.09.10"]
[Round "1"]
[White "Chabot, Roland"]
[Black "Le Duin, Thierry"]
[Result "1-0"]
[WhiteElo "2203"]
[BlackElo "1940"]
[PlyCount "97"]
[EventDate "2010.09.10"]
[EventType "swiss"]
[EventRounds "5"]
[EventCountry "CAN"]

1. d4 Nf6 2. c4 c5 3. d5 b5 4. Nf3 d6 5. cxb5 a6 6. e3 axb5 7. Bxb5+ Bd7 8.
Bxd7+ Nbxd7 9. Nc3 g6 10. O-O Bg7 11. e4 O-O 12. Bg5 Rb8 13. b3 Ne8 14. Rc1 Nc7
15. Re1 Nb5 16. Nxb5 Rxb5 17. Nd2 h6 18. Bh4 Ra5 19. a4 g5 20. Bg3 f5 21. exf5
Rxf5 22. Nc4 Ra7 23. Qd3 Rf7 24. Re6 Nf8 25. Re2 Bd4 26. a5 Qa8 27. Nb6 Qb7 28.
b4 Qa6 29. Qxa6 Rxa6 30. bxc5 Bxc5 31. Nc4 Ng6 32. Re6 Kg7 33. Ne5 Rf6 34. Rxf6
exf6 35. Nc6 f5 36. h3 Kf6 37. Bh2 f4 38. g3 Kf5 39. gxf4 gxf4 40. Rc4 h5 41.
Kf1 Ba3 42. Ra4 Bb2 43. Rb4 Bc3 44. Ra4 Ra8 45. a6 Be5 46. a7 Bc3 47. Ra3 Bd2
48. Rd3 Bc1 49. Rb3 1-0

[Event "Montreal op"]
[Site "Montreal CAN"]
[Date "2010.09.10"]
[Round "1"]
[White "Chiffot, Nicolas"]
[Black "Rainfray, Arnaud"]
[Result "1/2-1/2"]
[WhiteElo "2074"]
[BlackElo "2408"]
[PlyCount "20"]
[EventDate "2010.09.10"]
[EventType "swiss"]
[EventRounds "5"]
[EventCountry "CAN"]

1. d4 d5 2. c4 c6 3. Nf3 Nf6 4. g3 g6 5. Bg2 Bg7 6. O-O O-O 7. cxd5 cxd5 8. Nc3
Nc6 9. b3 Bf5 10. Bb2 Rc8 1/2-1/2

[Event "Montreal op"]
[Site "Montreal CAN"]
[Date "2010.09.10"]
[Round "1"]
[White "Desjardins, Michel"]
[Black "Galbadrakh, Enkh-Amar"]
[Result "1/2-1/2"]
[WhiteElo "1957"]
[BlackElo "2206"]
[PlyCount "49"]
[EventDate "2010.09.10"]
[EventType "swiss"]
[EventRounds "5"]
[EventCountry "CAN"]

1. e4 c6 2. d4 d5 3. e5 Bf5 4. h4 h6 5. g4 Bd7 6. c4 e6 7. Nc3 Ne7 8. Be3 dxc4
9. Bxc4 Nd5 10. Bxd5 cxd5 11. f4 Nc6 12. Nge2 Be7 13. Bf2 Rc8 14. h5 Qa5 15.
O-O f5 16. Ng3 Bh4 17. gxf5 exf5 18. Qd3 O-O 19. a3 Be6 20. b4 Qc7 21. Nb5 Qd7
22. Ne2 Be7 23. Nbc3 Qe8 24. Qf3 Rd8 25. Kh2 1/2-1/2

[Event "Montreal op"]
[Site "Montreal CAN"]
[Date "2010.09.10"]
[Round "1"]
[White "Guo, Forest"]
[Black "Leutschaft, Martin"]
[Result "0-1"]
[WhiteElo "1864"]
[BlackElo "2121"]
[PlyCount "104"]
[EventDate "2010.09.10"]
[EventType "swiss"]
[EventRounds "5"]
[EventCountry "CAN"]

1. e4 c6 2. d4 d5 3. exd5 cxd5 4. c4 Nf6 5. Nc3 e6 6. Bg5 Be7 7. Nf3 O-O 8. c5
Nc6 9. Bb5 Ne4 10. Bxe7 Nxe7 11. Qd3 Ng6 12. O-O f5 13. Rfe1 Qf6 14. Ne2 Ng5
15. Nxg5 Qxg5 16. Qg3 Qd2 17. Qc3 Qh6 18. Ng3 f4 19. Nf1 f3 20. g3 Qh3 21. Ne3
Ne7 22. Bf1 Qh5 23. Nc2 Rf6 24. Re5 Nf5 25. Ne1 g5 26. Nxf3 Bd7 27. Bg2 Kh8 28.
h3 g4 29. hxg4 Qxg4 30. Nh2 Qxd4 31. Qxd4 Nxd4 32. Rd1 Nc6 33. Ree1 Raf8 34.
Rd2 h5 35. Re3 Kg7 36. Nf3 Rc8 37. Ne5 Nxe5 38. Rxe5 Rxc5 39. Rxh5 Rc1+ 40. Kh2
Be8 41. Rh4 Bg6 42. Ra4 a6 43. Rb4 Rf7 44. a3 Kf6 45. Rf4+ Bf5 46. g4 Kg5 47.
gxf5 Kxf4 48. fxe6 Rh7+ 49. Bh3 Kf3 50. Rd3+ Kxf2 51. Rxd5 Rh1+ 52. Kxh1 Rxh3#
0-1

[Event "Montreal op"]
[Site "Montreal CAN"]
[Date "2010.09.10"]
[Round "1"]
[White "Khashper, Arkady"]
[Black "Roy, Myriam"]
[Result "1-0"]
[WhiteElo "2118"]
[BlackElo "1851"]
[PlyCount "47"]
[EventDate "2010.09.10"]
[EventType "swiss"]
[EventRounds "5"]
[EventCountry "CAN"]

1. e4 c5 2. Nf3 d6 3. d4 cxd4 4. Nxd4 Nf6 5. Nc3 Nc6 6. Be3 e6 7. Be2 Be7 8. f4
a6 9. O-O O-O 10. Qe1 Bd7 11. Qg3 Kh8 12. Kh1 Qc7 13. Rae1 Rac8 14. a3 Na5 15.
e5 Ng8 16. Ne4 d5 17. Ng5 Nh6 18. Bd3 Nf5 19. Bxf5 exf5 20. e6 Bb5 21. Nxf7+
Rxf7 22. exf7 Bf6 23. Nxb5 axb5 24. Bb6 1-0

[Event "Montreal op"]
[Site "Montreal CAN"]
[Date "2010.09.10"]
[Round "1"]
[White "Libersan, Thierry"]
[Black "Lepine, Cedric"]
[Result "0-1"]
[WhiteElo "2141"]
[BlackElo "1881"]
[PlyCount "106"]
[EventDate "2010.09.10"]
[EventType "swiss"]
[EventRounds "5"]
[EventCountry "CAN"]

1. e4 Nf6 2. e5 Nd5 3. d4 d6 4. Nf3 Bg4 5. exd6 cxd6 6. Bc4 Nf6 7. O-O g6 8. h3
Bxf3 9. Qxf3 Qc7 10. Qb3 e6 11. Re1 Bg7 12. Bxe6 O-O 13. Bc4 Nc6 14. Qd3 Rac8
15. Na3 Nb4 16. Qb3 a5 17. c3 d5 18. Bf1 Nc6 19. Bg5 Qd7 20. Bd3 Nh5 21. g4 h6
22. Bd2 Nf6 23. Bf1 Ne4 24. Be3 f5 25. Bg2 Kh8 26. f3 fxg4 27. hxg4 Ng3 28. Bf2
Qd6 29. Qd1 Rce8 30. Qd2 h5 31. Nb5 Qb8 32. Rxe8 Rxe8 33. Re1 h4 34. Rxe8+ Qxe8
35. Qg5 Ne2+ 36. Kh1 h3 37. Bxh3 Qf8 38. Bg2 Kh7 39. Qh4+ Kg8 40. Be3 Nd8 41.
Qf2 Nf4 42. Qd2 Bh6 43. Bxf4 Bxf4 44. Qe2 Qh6+ 45. Kg1 Kf7 46. Kf1 Bg3 47. Qc2
Qe3 48. Bh1 Ne6 49. Kg2 Qe1 50. f4 Nxf4+ 51. Kf3 Qf1+ 52. Kxg3 Ne2+ 53. Kh4 g5+
0-1

[Event "Montreal op"]
[Site "Montreal CAN"]
[Date "2010.09.10"]
[Round "1"]
[White "Ramaswamy, Kishor"]
[Black "Zhang, Zhiyuan"]
[Result "1/2-1/2"]
[WhiteElo "2173"]
[BlackElo "1937"]
[PlyCount "51"]
[EventDate "2010.09.10"]
[EventType "swiss"]
[EventRounds "5"]
[EventCountry "CAN"]

1. d4 Nf6 2. Nf3 e6 3. Bg5 d5 4. e3 c5 5. c3 Qb6 6. Qb3 Nc6 7. Nbd2 Bd7 8. Be2
h6 9. Bf4 Rc8 10. h3 Qxb3 11. axb3 a6 12. O-O Be7 13. Ne5 O-O 14. Ndf3 Rfd8 15.
Bd3 Ne4 16. Nxd7 Rxd7 17. Bxe4 dxe4 18. Nd2 e5 19. Bh2 cxd4 20. exd4 exd4 21.
Nxe4 Rcd8 22. Rfd1 f5 23. Ng3 g6 24. Ne2 Bf6 25. Rac1 Kf7 26. Kf1 1/2-1/2

[Event "Montreal op"]
[Site "Montreal CAN"]
[Date "2010.09.10"]
[Round "1"]
[White "Rousseau, Daniel"]
[Black "Clyde, Jordan"]
[Result "1-0"]
[WhiteElo "2169"]
[BlackElo "1925"]
[PlyCount "59"]
[EventDate "2010.09.10"]
[EventType "swiss"]
[EventRounds "5"]
[EventCountry "CAN"]

1. e4 g6 2. d4 Bg7 3. Nf3 d6 4. Bc4 c6 5. Nc3 Nf6 6. Qe2 O-O 7. h3 b5 8. Bd3
Nfd7 9. Bf4 Nb6 10. O-O Na6 11. a4 Nb4 12. axb5 c5 13. Be3 Qc7 14. dxc5 dxc5
15. Na4 Nxa4 16. Rxa4 Nxd3 17. Qxd3 Bd7 18. Rfa1 Rfb8 19. c4 Bxb2 20. R1a2 Bg7
21. Qa3 Be6 22. Bxc5 Rd8 23. g4 Rac8 24. Bxa7 Rd1+ 25. Kg2 Bxc4 26. Rd2 Rxd2
27. Nxd2 Bxb5 28. Ra5 Bc6 29. Be3 Qb7 30. Ra7 1-0

[Event "Montreal op"]
[Site "Montreal CAN"]
[Date "2010.09.10"]
[Round "1"]
[White "Zhu, Hong Rui"]
[Black "Modwal, Sankalp"]
[Result "1/2-1/2"]
[WhiteElo "1931"]
[BlackElo "2170"]
[PlyCount "113"]
[EventDate "2010.09.10"]
[EventType "swiss"]
[EventRounds "5"]
[EventCountry "CAN"]

1. e4 c5 2. Nf3 d6 3. d4 cxd4 4. Nxd4 Nf6 5. Nc3 Nc6 6. Be3 Ng4 7. Bb5 Nxe3 8.
Nxc6 Nxd1 9. Nxd8+ Kxd8 10. Rxd1 e6 11. O-O Kc7 12. f4 Be7 13. f5 Bf6 14. Rf3
a6 15. Be2 b5 16. a3 Kd7 17. Rfd3 Be5 18. Bg4 Ke7 19. Rf1 Bd7 20. Rdf3 Bf6 21.
Nd1 Rac8 22. c3 Rhf8 23. Nf2 Bc6 24. Re1 g6 25. Rfe3 Rcd8 26. Nd3 gxf5 27. exf5
e5 28. Bf3 Bxf3 29. Rxf3 a5 30. Nf4 Kd7 31. Nd5 Bg5 32. Rd3 Kc6 33. h3 e4 34.
Rxe4 Rfe8 35. Rg4 f6 36. c4 Re1+ 37. Kh2 h5 38. cxb5+ Kxb5 39. a4+ Kc5 40. b4+
axb4 41. Rxb4 h4 42. Rdd4 Rc1 43. Nc7 Rc8 44. Ne6+ Kc6 45. Rdc4+ Kd5 46. Rd4+
Ke5 47. Rb5+ R8c5 48. Nxc5 dxc5 49. Rg4 Bf4+ 50. Rxf4 Kxf4 51. a5 Kxf5 52. a6
Ra1 53. Rxc5+ Kg6 54. Rc6 Kg5 55. Rc5+ Kg6 56. Rc4 Kg5 57. Rc5+ 1/2-1/2

[Event "Montreal op"]
[Site "Montreal CAN"]
[Date "2010.09.10"]
[Round "1.1"]
[White "Hajiyev, Elshad"]
[Black "Sambuev, Bator"]
[Result "0-1"]
[WhiteElo "2107"]
[BlackElo "2640"]
[PlyCount "86"]
[EventDate "2010.09.10"]
[EventType "swiss"]
[EventRounds "5"]
[EventCountry "CAN"]

1. d4 Nf6 2. Nf3 g6 3. Bf4 Bg7 4. c3 O-O 5. h3 b6 6. Nbd2 Bb7 7. Qc2 c5 8. dxc5
bxc5 9. e4 d5 10. exd5 Bxd5 11. Be2 Nbd7 12. O-O Qc8 13. c4 Bb7 14. Rab1 Qc6
15. b4 cxb4 16. Rxb4 Nd5 17. cxd5 Qxc2 18. Rxb7 Nb6 19. Bd1 Qf5 20. Bg3 Nxd5
21. Bb3 e6 22. Re1 a5 23. Ne4 a4 24. Nh4 axb3 25. Nxf5 gxf5 26. axb3 fxe4 27.
Rxe4 Nc3 28. Re1 Rfd8 29. Kh2 Rd5 30. Re3 Nb5 31. Rf3 Rf8 32. Bh4 Nd6 33. Rb4
Nf5 34. Bg5 Rc8 35. Ra4 h6 36. Bf4 Nh4 37. Re3 Ng6 38. Bg3 Rd1 39. Rb4 Bd4 40.
Re2 e5 41. Rc4 Ra8 42. Ra4 Rb8 43. b4 Rc8 0-1

[Event "Montreal op"]
[Site "Montreal CAN"]
[Date "2010.09.10"]
[Round "1.3"]
[White "Ramazanov, Ryshad"]
[Black "Gerzhoy, Leonid"]
[Result "0-1"]
[WhiteElo "2099"]
[BlackElo "2450"]
[PlyCount "60"]
[EventDate "2010.09.10"]
[EventType "swiss"]
[EventRounds "5"]
[EventCountry "CAN"]

1. d4 d5 2. e3 Nf6 3. b3 g6 4. Nf3 Bg7 5. Be2 O-O 6. O-O c5 7. c3 Nc6 8. Nbd2
cxd4 9. exd4 Bf5 10. Re1 Rc8 11. b4 Nxb4 12. Bb2 Nc2 13. Rc1 Nxe1 14. Nxe1 Ne4
15. Nxe4 Bxe4 16. Bf3 Bxf3 17. Nxf3 Qa5 18. Ra1 Rc6 19. Nd2 e5 20. Nb3 Qc7 21.
g3 exd4 22. Nxd4 Rb6 23. Rb1 Re8 24. Qa4 Re4 25. Qa5 Bxd4 26. cxd4 Qc2 27. Rc1
Qxb2 28. Rc8+ Kg7 29. Qxd5 Qxd4 30. Qxd4+ Rxd4 0-1

[Event "Montreal op"]
[Site "Montreal CAN"]
[Date "2010.09.11"]
[Round "2"]
[White "Bouchard, Jean-Marc"]
[Black "Chiffot, Nicolas"]
[Result "1-0"]
[WhiteElo "1771"]
[BlackElo "2074"]
[PlyCount "59"]
[EventDate "2010.09.10"]
[EventType "swiss"]
[EventRounds "5"]
[EventCountry "CAN"]

1. e4 e5 2. Nf3 Nc6 3. Bb5 a6 4. Ba4 Nf6 5. Qe2 Bc5 6. c3 b5 7. Bb3 d6 8. h3
O-O 9. d3 h6 10. Nbd2 Bb7 11. Nf1 Ne7 12. Ng3 Ng6 13. Nh2 d5 14. O-O Nf4 15.
Qf3 dxe4 16. dxe4 Qd3 17. Bxf4 Qxf3 18. gxf3 exf4 19. Ne2 Nh5 20. Rfd1 Rad8 21.
Ng4 Kh7 22. Rxd8 Rxd8 23. Bxf7 Ng3 24. Nxf4 Rd2 25. Bg6+ Kg8 26. Kg2 Ne2 27.
Nxe2 Rxe2 28. Rd1 Rxb2 29. Rd8+ Bf8 30. Ne5 1-0

[Event "Montreal op"]
[Site "Montreal CAN"]
[Date "2010.09.11"]
[Round "2"]
[White "Corriveau, Philippe"]
[Black "Bolduc, Steve"]
[Result "0-1"]
[WhiteElo "2281"]
[BlackElo "2001"]
[PlyCount "95"]
[EventDate "2010.09.10"]
[EventType "swiss"]
[EventRounds "5"]
[EventCountry "CAN"]

1. e4 d6 2. d4 Nf6 3. f3 g6 4. Be3 Bg7 5. c4 O-O 6. Nc3 c5 7. Nge2 b6 8. Rc1
Bb7 9. Qd2 e6 10. g3 d5 11. cxd5 exd5 12. e5 Nfd7 13. f4 cxd4 14. Nxd4 Nc5 15.
b4 Nbd7 16. Bg2 a5 17. a3 axb4 18. axb4 Ne4 19. Nxe4 dxe4 20. O-O Ra3 21. Nb5
Rd3 22. Qe2 f5 23. Nd6 Ba8 24. Rfd1 Nxe5 25. fxe5 Bxe5 26. Rxd3 exd3 27. Qa2+
Kg7 28. Qa7+ Kf6 29. Bxa8 Qxa8 30. Qxa8 Rxa8 31. Nc4 b5 32. Bg5+ Ke6 33. Nxe5
Kxe5 34. Rd1 Kd4 35. Bd2 Re8 36. Kf2 Re2+ 37. Kf3 Rxh2 38. Be1 Re2 39. Bf2+ Kc3
40. Be3 Rb2 41. Bc5 g5 42. Ke3 Re2+ 43. Kf3 Kc2 44. Rh1 g4+ 45. Kf4 d2 46. Ra1
d1=Q 47. Rxd1 Kxd1 48. Kxf5 0-1

[Event "Montreal op"]
[Site "Montreal CAN"]
[Date "2010.09.11"]
[Round "2"]
[White "Dumont, Felix"]
[Black "Zhu, Hong Rui"]
[Result "1/2-1/2"]
[WhiteElo "2070"]
[BlackElo "1931"]
[PlyCount "63"]
[EventDate "2010.09.10"]
[EventType "swiss"]
[EventRounds "5"]
[EventCountry "CAN"]

1. Nf3 c5 2. g3 Nc6 3. Bg2 g6 4. O-O Bg7 5. d3 e5 6. e4 Nge7 7. Nc3 O-O 8. Be3
Nd4 9. Ne2 b6 10. Nd2 Bb7 11. c3 Nxe2+ 12. Qxe2 d5 13. f4 exf4 14. Bxf4 Kh8 15.
Rad1 d4 16. c4 Nc6 17. Nf3 f6 18. g4 Ne5 19. Nxe5 fxe5 20. Bg3 Qe7 21. Rxf8+
Rxf8 22. Rf1 Bc8 23. Rxf8+ Qxf8 24. Qf3 Qxf3 25. Bxf3 Bf6 26. Kf2 Kg8 27. h4 h6
28. Kg2 Kf7 29. b3 Ke7 30. g5 hxg5 31. hxg5 Bg7 32. Be1 1/2-1/2

[Event "Montreal op"]
[Site "Montreal CAN"]
[Date "2010.09.11"]
[Round "2"]
[White "Galbadrakh, Enkh-Amar"]
[Black "Miron, Francois"]
[Result "1/2-1/2"]
[WhiteElo "2206"]
[BlackElo "1990"]
[PlyCount "65"]
[EventDate "2010.09.10"]
[EventType "swiss"]
[EventRounds "5"]
[EventCountry "CAN"]

1. Nf3 f5 2. c4 Nf6 3. Nc3 g6 4. g3 Bg7 5. Bg2 O-O 6. O-O d6 7. d4 Qe8 8. d5
Na6 9. Be3 h6 10. Rb1 Bd7 11. b4 g5 12. c5 Qh5 13. Qd3 f4 14. Bd4 fxg3 15. fxg3
Bh3 16. c6 bxc6 17. Qxa6 Ng4 18. Bxg7 Bxg2 19. h4 Kxg7 20. Kxg2 Ne3+ 21. Kh2
Nxf1+ 22. Rxf1 g4 23. Qxc6 gxf3 24. exf3 Rxf3 25. Rxf3 Qxf3 26. Qxa8 Qxc3 27.
Qxa7 Qc2+ 28. Kg1 Qd1+ 29. Kh2 Qe2+ 30. Kh3 Qf1+ 31. Kh2 Qe2+ 32. Kh3 Qf1+ 33.
Kh2 1/2-1/2

[Event "Montreal op"]
[Site "Montreal CAN"]
[Date "2010.09.11"]
[Round "2"]
[White "Lepine, Cedric"]
[Black "Yuan, Yuanling"]
[Result "0-1"]
[WhiteElo "1881"]
[BlackElo "2363"]
[PlyCount "108"]
[EventDate "2010.09.10"]
[EventType "swiss"]
[EventRounds "5"]
[EventCountry "CAN"]

1. d4 Nf6 2. c4 g6 3. Nc3 Bg7 4. e4 d6 5. f4 c5 6. d5 O-O 7. Nf3 e6 8. Bd3 exd5
9. cxd5 Re8 10. O-O c4 11. Bc2 b5 12. a3 Qb6+ 13. Kh1 Nbd7 14. h3 a5 15. Re1
Nc5 16. Be3 Ba6 17. Bd4 Qc7 18. e5 Nfd7 19. e6 fxe6 20. Bxg7 Kxg7 21. dxe6 Nxe6
22. Rxe6 Rxe6 23. Ng5 Ree8 24. Qd4+ Ne5 25. fxe5 dxe5 26. Qd5 Qe7 27. Nf3 Rad8
28. Qe4 Bb7 29. Qe3 b4 30. axb4 axb4 31. Ne2 e4 32. Nd2 b3 33. Bb1 Qf6 34. Ra7
Re7 35. Nc3 Rxd2 36. Qxd2 e3 37. Qe2 Bxg2+ 38. Kxg2 Rxa7 39. Qxe3 Rf7 40. Be4
h5 41. Bd5 Re7 42. Qg3 Qd4 43. Qg5 Re5 44. Qg3 Rxd5 45. Nxd5 Qxd5+ 46. Kg1 Qd1+
47. Kg2 Qe2+ 48. Kg1 Qxb2 49. Qc7+ Kh6 50. Qf4+ Kh7 51. Qf7+ Qg7 52. Qxc4 b2
53. Qc2 Qa7+ 54. Kh2 Qb8+ 0-1

[Event "Montreal op"]
[Site "Montreal CAN"]
[Date "2010.09.11"]
[Round "2"]
[White "Leutschaft, Martin"]
[Black "Barbeau, Sylvain"]
[Result "1/2-1/2"]
[WhiteElo "2121"]
[BlackElo "2342"]
[PlyCount "78"]
[EventDate "2010.09.10"]
[EventType "swiss"]
[EventRounds "5"]
[EventCountry "CAN"]

1. d4 Nf6 2. Nf3 g6 3. Bf4 Bg7 4. e3 d6 5. h3 O-O 6. Be2 b6 7. O-O Bb7 8. c4 e6
9. Nc3 Nbd7 10. Bh2 Qe7 11. Qc2 a6 12. b4 e5 13. Rfe1 Rae8 14. dxe5 Nxe5 15.
Nxe5 dxe5 16. a3 Ra8 17. e4 a5 18. Rab1 axb4 19. axb4 c6 20. b5 c5 21. Ra1 Rfd8
22. Nd5 Nxd5 23. cxd5 Qd6 24. Qc3 Re8 25. Rxa8 Rxa8 26. Ra1 Rb8 27. Ra7 f5 28.
f3 Bf6 29. Bc4 f4 30. Kf1 Kh8 31. Qa1 h5 32. Bg1 g5 33. Bf2 Bg7 34. Ke2 Kh7 35.
Qh1 Bf6 36. Be1 Kg6 37. Bf2 Bc8 38. Kd2 Bb7 39. Kc2 h4 1/2-1/2

[Event "Montreal op"]
[Site "Montreal CAN"]
[Date "2010.09.11"]
[Round "2"]
[White "Modwal, Sankalp"]
[Black "Gauthier, Denis"]
[Result "1/2-1/2"]
[WhiteElo "2170"]
[BlackElo "1941"]
[PlyCount "37"]
[EventDate "2010.09.10"]
[EventType "swiss"]
[EventRounds "5"]
[EventCountry "CAN"]

1. e4 c5 2. Nc3 Nc6 3. Bb5 e6 4. Bxc6 bxc6 5. d3 Ne7 6. f4 Ng6 7. Nf3 Qc7 8.
O-O Be7 9. Qe1 O-O 10. b3 d5 11. Ne2 c4 12. bxc4 dxc4 13. dxc4 Ba6 14. f5 exf5
15. exf5 Ne5 16. Bf4 Nxf3+ 17. Rxf3 Qb6+ 18. Be3 Bc5 19. Qf2 1/2-1/2

[Event "Montreal op"]
[Site "Montreal CAN"]
[Date "2010.09.11"]
[Round "2"]
[White "Qin, Zi Yi (Joey)"]
[Black "Lenderman, Alex"]
[Result "0-1"]
[WhiteElo "2176"]
[BlackElo "2608"]
[PlyCount "142"]
[EventDate "2010.09.10"]
[EventType "swiss"]
[EventRounds "5"]
[EventCountry "CAN"]

1. e4 c6 2. d4 d5 3. exd5 cxd5 4. c4 Nf6 5. Nc3 e6 6. Nf3 Bb4 7. Bd3 dxc4 8.
Bxc4 O-O 9. O-O b6 10. Bg5 Bb7 11. Ne5 h6 12. Bh4 Re8 13. Re1 Bxc3 14. bxc3 Qc7
15. Bb5 Rc8 16. Bxf6 gxf6 17. Qg4+ Kf8 18. Nd3 a6 19. Ba4 Qc4 20. Bc2 Qxc3 21.
Rac1 Qd2 22. d5 Bxd5 23. Re2 Qg5 24. Qb4+ Kg8 25. f4 Qg4 26. Rce1 Nd7 27. Qd2
Kh8 28. Nb4 Rc5 29. Bb1 f5 30. Re3 Qg6 31. Rg3 Qf6 32. Rd3 Bxg2 33. Kxg2 Nf8
34. Rd1 a5 35. Nc2 Ng6 36. Rd8+ Rxd8 37. Qxd8+ Qxd8 38. Rxd8+ Kg7 39. Rd4 Rb5
40. Na3 Rd5 41. Rxd5 Nxf4+ 42. Kf3 Nxd5 43. Bc2 Nc3 44. Nc4 Nxa2 45. Nxb6 Nb4
46. Ba4 Nd3 47. Nc4 Nc5 48. Bc2 a4 49. Kf4 Kf6 50. Ne5 a3 51. Bb1 Na4 52. Nc4
e5+ 53. Ke3 f4+ 54. Kf3 Nc3 55. Nxa3 Kg5 56. Bc2 f5 57. h4+ Kf6 58. Bb3 Ne4 59.
Nc4 Nc5 60. Bc2 Ne6 61. Kf2 Nd4 62. Ba4 e4 63. Bd7 Nf3 64. h5 Nd4 65. Bc8 e3+
66. Nxe3 fxe3+ 67. Kxe3 Ke5 68. Bd7 Ne6 69. Be8 Kf6 70. Bg6 Kg5 71. Bf7 Nf4 0-1

[Event "Montreal op"]
[Site "Montreal CAN"]
[Date "2010.09.11"]
[Round "2"]
[White "Robichaud, Louis"]
[Black "Larochelle, Martial"]
[Result "1-0"]
[WhiteElo "2048"]
[BlackElo "2218"]
[PlyCount "75"]
[EventDate "2010.09.10"]
[EventType "swiss"]
[EventRounds "5"]
[EventCountry "CAN"]

1. e4 e5 2. Nf3 Nc6 3. Bb5 a6 4. Ba4 Nf6 5. O-O Be7 6. Re1 b5 7. Bb3 d6 8. c3
O-O 9. h3 Na5 10. Bc2 c5 11. d4 Qc7 12. Nbd2 Nc6 13. Nf1 cxd4 14. cxd4 exd4 15.
Bf4 Bb7 16. Rc1 Qb6 17. Ng3 d5 18. e5 Ne4 19. Nxe4 dxe4 20. Bxe4 Rad8 21. Qc2
d3 22. Bxd3 Nb4 23. Bxh7+ Kh8 24. Qc7 Qxc7 25. Rxc7 Bxf3 26. Rxe7 Kxh7 27. gxf3
Nd5 28. Bg5 Kg6 29. h4 Rh8 30. Ra7 f6 31. Bd2 Rxh4 32. Re4 Rh3 33. Rxa6 Rxf3
34. Rd6 Rxd6 35. exd6 Rd3 36. Ba5 Kf5 37. d7 Nc7 38. Re7 1-0

[Event "Montreal op"]
[Site "Montreal CAN"]
[Date "2010.09.11"]
[Round "2"]
[White "Sambuev, Bator"]
[Black "Chabot, Roland"]
[Result "1-0"]
[WhiteElo "2640"]
[BlackElo "2203"]
[PlyCount "89"]
[EventDate "2010.09.10"]
[EventType "swiss"]
[EventRounds "5"]
[EventCountry "CAN"]

1. d4 Nf6 2. c4 d6 3. Nf3 Nbd7 4. Nc3 c6 5. e4 e5 6. Be2 Be7 7. O-O O-O 8. Re1
a6 9. a3 b5 10. b4 Re8 11. Bb2 Bb7 12. Qb3 exd4 13. Nxd4 Ne5 14. Nf5 Bf8 15.
Rad1 Qc7 16. cxb5 axb5 17. h3 Bc8 18. Nd4 Bd7 19. Kh1 Ng6 20. Bf1 Qc8 21. Qc2
Qb8 22. Qd2 Be7 23. f4 Bf8 24. Bd3 Qc8 25. Kh2 h6 26. Nf3 Ra7 27. e5 dxe5 28.
Bxg6 fxg6 29. fxe5 Nh7 30. Ne4 Be6 31. Nd6 Bxd6 32. exd6 Nf8 33. Qd4 Rd7 34.
Ne5 Red8 35. Nxd7 Rxd7 36. Qc5 g5 37. Be5 Bc4 38. Bg3 Ne6 39. Qe5 h5 40. Rc1 h4
41. Bxh4 gxh4 42. Rxc4 bxc4 43. Qxe6+ Kh7 44. Qf5+ Kg8 45. Re7 1-0

[Event "Montreal op"]
[Site "Montreal CAN"]
[Date "2010.09.11"]
[Round "2"]
[White "Sarrazin-Gendron, Roman"]
[Black "MacIsaac, Alexandre"]
[Result "1/2-1/2"]
[WhiteElo "2018"]
[BlackElo "1675"]
[PlyCount "36"]
[EventDate "2010.09.10"]
[EventType "swiss"]
[EventRounds "5"]
[EventCountry "CAN"]

1. Nf3 d5 2. c4 dxc4 3. Na3 Nc6 4. Nxc4 Bg4 5. e3 e6 6. Be2 Nf6 7. O-O Be7 8.
b3 O-O 9. h3 Bh5 10. g4 Bg6 11. Nfe5 Be4 12. f3 Bd5 13. Nxc6 Bxc6 14. Ne5 Bd5
15. e4 Bxb3 16. Qxb3 Qd4+ 17. Kg2 Qxe5 18. Bb2 Qa5 1/2-1/2

[Event "Montreal op"]
[Site "Montreal CAN"]
[Date "2010.09.11"]
[Round "2"]
[White "Zhang, Zhiyuan"]
[Black "Gras, Guillaume"]
[Result "0-1"]
[WhiteElo "1937"]
[BlackElo "2076"]
[PlyCount "142"]
[EventDate "2010.09.10"]
[EventType "swiss"]
[EventRounds "5"]
[EventCountry "CAN"]

1. e4 Nf6 2. e5 Nd5 3. d4 d6 4. Nf3 dxe5 5. dxe5 Bg4 6. Bc4 e6 7. O-O Nc6 8.
Re1 Ndb4 9. Qxd8+ Rxd8 10. Bb3 Bxf3 11. a3 Bd5 12. axb4 Bxb3 13. cxb3 Bxb4 14.
Nc3 a6 15. Bg5 Rd3 16. Red1 Nxe5 17. Rxd3 Nxd3 18. Rd1 h6 19. Bh4 g5 20. Bxg5
hxg5 21. Rxd3 Ke7 22. Ne4 g4 23. Rd4 c5 24. Rc4 b6 25. Rc1 Rd8 26. Kf1 Rd3 27.
Nc3 Rd2 28. Na4 Ba5 29. g3 f5 30. Kg2 Kd6 31. Kf1 e5 32. Kg1 e4 33. Nc3 Rxb2
34. Rd1+ Ke5 35. Nd5 Rxb3 36. Nf4 e3 37. fxe3 Rxe3 38. Kf2 Rf3+ 39. Ke2 Rxf4
40. gxf4+ Kxf4 41. Ra1 Kg5 42. Ra4 f4 43. Kf2 f3 44. h3 gxh3 45. Kxf3 Kf5 46.
Kg3 Ke5 47. Kxh3 Kd5 48. Kg4 c4 49. Kf3 Kc5 50. Ke4 Kb5 51. Ra2 Kb4 52. Kd4 Kb3
53. Rg2 Bc3+ 54. Ke3 b5 55. Ke2 a5 56. Kd1 Bb4 57. Kc1 Bd6 58. Rf2 b4 59. Kb1
c3 60. Rg2 a4 61. Rg4 Bc5 62. Rg2 a3 63. Rh2 Kc4 64. Ka2 b3+ 65. Ka1 Bd4 66.
Rh4 Kd5 67. Rh5+ Ke6 68. Rh6+ Kf5 69. Rh5+ Kg6 70. Rd5 c2+ 71. Rxd4 c1=R# 0-1